Tính toán mối nối hàn có xét đến sự tập trung ứng suất
Khái quát về phương pháp tính toán, đặc trưng độ bền của mối hàn, những số liệu thực nghiệm về sự phân bố ứng suất ở mối nối hàn. Cơ sở lí thuyết tính toán ứng suất cục bộ; các phương pháp tính toán ứng suất và biến dạng cu...
保存先:
| 第一著者: | |
|---|---|
| フォーマット: | 図書 |
| 言語: | Undetermined |
| 出版事項: |
H.
Xây dựng
2015
|
| 主題: | |
| オンライン・アクセス: | http://lrc.tdmu.edu.vn/opac/search/detail.asp?aID=2&ID=25491 |
| タグ: |
タグ追加
タグなし, このレコードへの初めてのタグを付けませんか!
|
| Thư viện lưu trữ: | Trung tâm Học liệu Trường Đại học Thủ Dầu Một |
|---|
| LEADER | 01107nam a2200205Ia 4500 | ||
|---|---|---|---|
| 001 | TDMU_25491 | ||
| 008 | 210410s9999 xx 000 0 und d | ||
| 082 | |a 671.52042 | ||
| 090 | |b PH104 | ||
| 100 | |a Phạm, Huy Chính | ||
| 245 | 0 | |a Tính toán mối nối hàn có xét đến sự tập trung ứng suất | |
| 245 | 0 | |c Phạm Huy Chính | |
| 260 | |a H. | ||
| 260 | |b Xây dựng | ||
| 260 | |c 2015 | ||
| 300 | |a 184tr. | ||
| 520 | |a Khái quát về phương pháp tính toán, đặc trưng độ bền của mối hàn, những số liệu thực nghiệm về sự phân bố ứng suất ở mối nối hàn. Cơ sở lí thuyết tính toán ứng suất cục bộ; các phương pháp tính toán ứng suất và biến dạng cục bộ ở mối hàn | ||
| 650 | |a Mối hàn |x Phương pháp tính |x Ứng suất tập trung | ||
| 856 | |u http://lrc.tdmu.edu.vn/opac/search/detail.asp?aID=2&ID=25491 | ||
| 980 | |a Trung tâm Học liệu Trường Đại học Thủ Dầu Một | ||